[Event "BdR-ch Open 13 0809"]
[Site "Vitrolles"]
[Date "2009.01.24"]
[Round "5"]
[White "Baquer, Marc"]
[Black "Anton, Jose"]
[Result "0-1"]
[WhiteElo "1806"]
[BlackElo "1916"]
[PlyCount "64"]
[EventDate "2008.10.11"]
[EventType "swiss"]
[EventRounds "9"]
[EventCountry "FRA"]

1. d4 d5 2. Bg5 f6 3. Bf4 Nc6 4. Nf3 Bf5 5. Nbd2 Nb4 6. Rc1 Nxa2 7. Ra1 Nb4 8.
Rc1 e6 9. c3 Nc6 10. Qb3 Bd6 11. Bxd6 Qxd6 12. e3 Nge7 13. c4 Qb4 14. cxd5 Qxb3
15. Nxb3 exd5 16. Nc5 O-O-O 17. Be2 Nb4 18. O-O Rd6 19. Ra1 a6 20. Ra4 Rb6 21.
Rc1 Re8 22. b3 Nec6 23. Nh4 Bd7 24. Nf3 Na7 25. Nxd7 Kxd7 26. Nd2 Rc6 27. Rxc6
Nbxc6 28. Bf3 Kd6 29. e4 Nb5 30. exd5 Re1+ 31. Nf1 Ncxd4 32. Ra2 Nc3 0-1

[Event "BdR-ch Open 13 0809"]
[Site "Vitrolles"]
[Date "2009.01.24"]
[Round "5"]
[White "Colandrea, Sauveur"]
[Black "Nakache, Jonathan"]
[Result "1-0"]
[WhiteElo "1895"]
[BlackElo "1874"]
[PlyCount "81"]
[EventDate "2008.10.11"]
[EventType "swiss"]
[EventRounds "9"]
[EventCountry "FRA"]

1. Nf3 Nf6 2. d4 g6 3. c4 Bg7 4. Nc3 O-O 5. e4 d6 6. Be2 e5 7. O-O Nc6 8. d5
Ne7 9. Ne1 Nd7 10. Nd3 f5 11. f3 f4 12. b4 Nf6 13. c5 g5 14. Bd2 Ng6 15. Rc1 h5
16. Nf2 Rf7 17. cxd6 cxd6 18. Nb5 Bf8 19. a4 Rg7 20. Be1 Nh4 21. Nd3 Ne8 22.
Nf2 Nf6 23. Nd3 Ne8 24. Nf2 g4 25. fxg4 a6 26. Na3 hxg4 27. Nxg4 Qg5 28. h3
Bxg4 29. Bxg4 Nf6 30. Bxh4 Qxh4 31. Qe1 Qxe1 32. Be6+ Kh8 33. Rfxe1 Rg3 34. Nc4
f3 35. Rc2 b5 36. Nb6 Rb8 37. a5 fxg2 38. Rxg2 Rb3 39. Rf1 Bg7 40. Rxf6 Rxb6
41. axb6 1-0

[Event "BdR-ch Open 13 0809"]
[Site "Vitrolles"]
[Date "2009.01.24"]
[Round "5"]
[White "Battesti, Marc Andria"]
[Black "Lac, Benjamin"]
[Result "1-0"]
[WhiteElo "1865"]
[BlackElo "2110"]
[PlyCount "61"]
[EventDate "2008.10.11"]
[EventType "swiss"]
[EventRounds "9"]
[EventCountry "FRA"]

1. e4 e5 2. f4 Bc5 3. Nf3 d6 4. b4 Bxb4 5. c3 Bc5 6. d4 exd4 7. cxd4 Bb6 8. Bc4
Bg4 9. Bb2 c6 10. O-O Nh6 11. h3 Bxf3 12. Rxf3 O-O 13. g4 d5 14. Bd3 dxe4 15.
Bxe4 Re8 16. Qd3 g6 17. Nd2 Re6 18. f5 Rd6 19. Nb3 Nd7 20. fxg6 hxg6 21. Qe3
Ne5 22. Qxh6 Nxf3+ 23. Bxf3 Bxd4+ 24. Nxd4 Qb6 25. Bc3 Qc5 26. Qe3 Rad8 27. Kg2
Rxd4 28. Rd1 Rxg4+ 29. hxg4 Qf8 30. Rxd8 Qxd8 31. Qh6 1-0

[Event "BdR-ch Open 13 0809"]
[Site "Vitrolles"]
[Date "2009.01.24"]
[Round "5"]
[White "Chauvet, Vincent"]
[Black "Girard, Jean Pierre"]
[Result "1-0"]
[WhiteElo "1810"]
[BlackElo "1944"]
[PlyCount "73"]
[EventDate "2008.10.11"]
[EventType "swiss"]
[EventRounds "9"]
[EventCountry "FRA"]

1. f4 c5 2. Nf3 Nf6 3. b3 e6 4. Bb2 d6 5. d3 Nc6 6. e4 b6 7. Be2 Bb7 8. O-O Qc7
9. Nc3 a6 10. Kh1 Be7 11. d4 O-O-O 12. d5 exd5 13. Nxd5 Nxd5 14. exd5 Nb8 15.
c4 Nd7 16. a4 a5 17. Nd2 Bf6 18. Bxf6 Nxf6 19. Bd3 Kb8 20. Nb1 h5 21. Nc3 Ng4
22. Qf3 Bc8 23. Rae1 Rde8 24. Nb5 Qd8 25. Re4 Rxe4 26. Bxe4 Re8 27. h3 f5 28.
hxg4 hxg4 29. Qg3 Rxe4 30. Kg1 g5 31. fxg5 Re5 32. Qh4 Qe7 33. Qh6 f4 34. Qxd6+
Qxd6 35. Nxd6 Rxg5 36. Nxc8 Kxc8 37. Rxf4 1-0

[Event "BdR-ch Open 13 0809"]
[Site "Vitrolles"]
[Date "2009.01.24"]
[Round "5"]
[White "Chauvet, Jean Marc"]
[Black "Israel, Daniel"]
[Result "1-0"]
[WhiteElo "1983"]
[BlackElo "1840"]
[PlyCount "45"]
[EventDate "2008.10.11"]
[EventType "swiss"]
[EventRounds "9"]
[EventCountry "FRA"]

1. e4 c5 2. Nf3 e6 3. c3 Nf6 4. Bd3 d6 5. O-O Be7 6. Re1 Nc6 7. Bc2 e5 8. h3
O-O 9. d4 cxd4 10. cxd4 b5 11. Nc3 a6 12. Nd5 Ne8 13. Be3 f5 14. dxe5 dxe5 15.
Nxe7+ Qxe7 16. Qd5+ Kh8 17. Bc5 Qc7 18. Bxf8 Nf6 19. Qd6 Qd7 20. exf5 Bb7 21.
Rad1 Qxd6 22. Bxd6 e4 23. Ng5 1-0

[Event "BdR-ch Open 13 0809"]
[Site "Vitrolles"]
[Date "2009.01.24"]
[Round "5"]
[White "Calatayud, Stephane"]
[Black "Pierrugues, Laurent"]
[Result "1-0"]
[WhiteElo "1580"]
[BlackElo "1860"]
[PlyCount "59"]
[EventDate "2008.10.11"]
[EventType "swiss"]
[EventRounds "9"]
[EventCountry "FRA"]

1. e4 e6 2. d4 d5 3. Be3 Nf6 4. Nd2 dxe4 5. f3 Nd5 6. Qe2 Be7 7. fxe4 Nxe3 8.
Qxe3 Nc6 9. Ngf3 Bd7 10. c3 a6 11. Bd3 Bh4+ 12. g3 Be7 13. O-O b6 14. Rae1 Na5
15. h4 Nb7 16. e5 c5 17. a3 Bc6 18. Ne4 cxd4 19. cxd4 h6 20. Qf4 Rf8 21. Qg4 g5
22. Rd1 Bxe4 23. Bxe4 Qd7 24. d5 Rb8 25. dxe6 Qxe6 26. Qxe6 fxe6 27. Bg6+ Rf7
28. Nd4 Nd8 29. Nxe6 Nxe6 30. Bxf7+ 1-0

[Event "BdR-ch Open 13 0809"]
[Site "Vitrolles"]
[Date "2009.01.24"]
[Round "5"]
[White "Madranges, Jean"]
[Black "Del Vecchio, Alain"]
[Result "0-1"]
[WhiteElo "1726"]
[BlackElo "1900"]
[PlyCount "72"]
[EventDate "2008.10.11"]
[EventType "swiss"]
[EventRounds "9"]
[EventCountry "FRA"]

1. d4 f5 2. Nf3 g6 3. Bf4 Bg7 4. e3 d6 5. Bc4 h6 6. h3 Nf6 7. c3 e6 8. Nbd2 O-O
9. Qc2 Nc6 10. g4 g5 11. Bxg5 hxg5 12. Nxg5 d5 13. Bd3 Ne4 14. h4 Qf6 15. f4
Ne7 16. Ndf3 c5 17. O-O-O cxd4 18. exd4 fxg4 19. Ne5 Qxf4+ 20. Kb1 Bxe5 21.
Bxe4 dxe4 22. dxe5 Qxe5 23. Rhf1 Nf5 24. Nxe4 b6 25. Ng5 Qg7 26. Qe4 Bd7 27.
Nxe6 Bxe6 28. Qxe6+ Qf7 29. Qe4 Qg6 30. Rf4 Rae8 31. Qc4+ Qe6 32. Rxg4+ Kh8 33.
Qxe6 Rxe6 34. Rd7 Re1+ 35. Kc2 Ne3+ 36. Kd2 Rd1+ 0-1

[Event "BdR-ch Open 13 0809"]
[Site "Vitrolles"]
[Date "2009.01.24"]
[Round "5"]
[White "Garcia, Robustiano"]
[Black "Montanelli, Tristan"]
[Result "1-0"]
[WhiteElo "1610"]
[BlackElo "1611"]
[PlyCount "65"]
[EventDate "2008.10.11"]
[EventType "swiss"]
[EventRounds "9"]
[EventCountry "FRA"]

1. d4 g6 2. c4 Bg7 3. Nc3 c5 4. d5 f5 5. Nf3 Bxc3+ 6. bxc3 Nf6 7. e3 Qa5 8. Qc2
d6 9. Bd3 Nbd7 10. O-O Nb6 11. Bd2 Bd7 12. Rab1 h6 13. Nh4 Rg8 14. Rfe1 Ba4 15.
Qb2 Ne4 16. f3 Nxd2 17. Qxd2 O-O-O 18. Nxg6 Nxc4 19. Nxe7+ Kb8 20. Bxc4 Qc7 21.
Nxf5 Bd7 22. Nxh6 Rg6 23. e4 Rh8 24. Nf5 Bc8 25. Bd3 Rh5 26. Ng3 Rh4 27. Nf5
Rh5 28. Qf4 Qh7 29. Nxd6 Rh4 30. g4 Rhxg4+ 31. fxg4 Rxg4+ 32. Qxg4 Bxg4 33.
Rxb7+ 1-0

[Event "BdR-ch Open 13 0809"]
[Site "Vitrolles"]
[Date "2009.01.31"]
[Round "6"]
[White "Anton, Jose"]
[Black "Battaglia, Gerard"]
[Result "1/2-1/2"]
[WhiteElo "1922"]
[BlackElo "1920"]
[PlyCount "62"]
[EventDate "2008.10.11"]
[EventType "swiss"]
[EventRounds "9"]
[EventCountry "FRA"]

1. e4 e6 2. d4 d5 3. e5 c5 4. c3 Qb6 5. Nf3 Bd7 6. Bd3 Bb5 7. O-O Bxd3 8. Qxd3
Nc6 9. a3 a5 10. Bg5 h6 11. Be3 c4 12. Qc2 Nge7 13. Nbd2 a4 14. g4 Qd8 15. Ne1
Ng6 16. Ng2 Nh4 17. f4 h5 18. Nxh4 Qxh4 19. g5 Ne7 20. Rf3 Qg4+ 21. Kh1 Qf5 22.
Qd1 Qg6 23. Qf1 Rc8 24. b3 axb3 25. Nxb3 cxb3 26. Qb5+ Kd8 27. Qxb7 Qe4 28.
Raf1 Nf5 29. Qb6+ Rc7 30. Qb8+ Kd7 31. Qb5+ Kd8 1/2-1/2

[Event "BdR-ch Open 13 0809"]
[Site "Vitrolles"]
[Date "2009.01.31"]
[Round "6"]
[White "Battesti, Marc Andria"]
[Black "Calatayud, Stephane"]
[Result "1/2-1/2"]
[WhiteElo "1958"]
[BlackElo "1580"]
[PlyCount "129"]
[EventDate "2008.10.11"]
[EventType "swiss"]
[EventRounds "9"]
[EventCountry "FRA"]

1. e4 e5 2. f4 exf4 3. Nf3 d6 4. Bc4 g5 5. h4 Be7 6. hxg5 Bxg5 7. O-O Be6 8.
Bxe6 fxe6 9. d4 Nd7 10. Nxg5 Qxg5 11. Bxf4 Qg6 12. e5 d5 13. c4 Ne7 14. Nc3 Rg8
15. Qd2 O-O-O 16. cxd5 Nxd5 17. Nxd5 exd5 18. Rac1 c6 19. Rc2 Nf8 20. e6 Nxe6
21. Be5 Rdf8 22. Qe2 Rxf1+ 23. Kxf1 Rf8+ 24. Kg1 Nf4 25. Bxf4 Rxf4 26. b4 Re4
27. Qf2 Qe6 28. Qf8+ Kc7 29. Qg7+ Qd7 30. Qg3+ Qd6 31. Qc3 Qf6 32. Qg3+ Qd6 33.
Qg7+ Re7 34. Qg5 Re1+ 35. Kf2 Re4 36. Kg1 Re1+ 37. Kf2 Re4 38. Qg7+ Re7 39. Qg5
Re4 40. a3 Qf8+ 41. Kg1 Re8 42. Kh2 Qd6+ 43. g3 Re6 44. Rf2 Rg6 45. Rf7+ Kb6
46. Qe3 Re6 47. Qd3 Rh6+ 48. Kg2 Qg6 49. Qf3 Qc2+ 50. Qf2 Qe4+ 51. Rf3 Rf6 52.
Qe3 Rxf3 53. Qxf3 Qxd4 54. Qb3 Qe4+ 55. Kh3 d4 56. Qc4 Qd5 57. Qd3 h5 58. Kh4
c5 59. Qg6+ Kb5 60. bxc5 Kxc5 61. Qd3 Qc4 62. Qf5+ Qd5 63. Qd3 Qc4 64. Qf5+ Qd5
65. Qd3 1/2-1/2

[Event "BdR-ch Open 13 0809"]
[Site "Vitrolles"]
[Date "2009.01.31"]
[Round "6"]
[White "Busson, Benoist"]
[Black "Chauvet, Vincent"]
[Result "1-0"]
[WhiteElo "1995"]
[BlackElo "1810"]
[PlyCount "133"]
[EventDate "2008.10.11"]
[EventType "swiss"]
[EventRounds "9"]
[EventCountry "FRA"]

1. e4 e5 2. Nf3 Nc6 3. Nc3 Bc5 4. Nxe5 Bxf2+ 5. Kxf2 Nxe5 6. d4 Qf6+ 7. Ke1 Nc6
8. Be3 Nge7 9. Qf3 Qxf3 10. gxf3 a6 11. Rg1 g6 12. Be2 d6 13. Kd2 b6 14. Bg5
Bb7 15. Bf6 Rg8 16. a3 Nb8 17. Bc4 Nd7 18. Bh4 c6 19. Rae1 Rf8 20. Bg3 Nc8 21.
f4 Kd8 22. d5 c5 23. a4 f6 24. h4 Ne7 25. f5 Ne5 26. Bxe5 fxe5 27. fxg6 Nxg6
28. h5 Nh4 29. Be2 Nf3+ 30. Bxf3 Rxf3 31. Rg7 Bc8 32. Rxh7 Bd7 33. Rh8+ Be8 34.
Rg1 Ra7 35. Rgg8 Re7 36. h6 Kd7 37. Nd1 Rh3 38. Ne3 Rh2+ 39. Kd3 Rh3 40. Rg7 b5
41. axb5 axb5 42. b3 c4+ 43. bxc4 bxc4+ 44. Kd2 c3+ 45. Ke2 Bh5+ 46. Kd3 Be8
47. Rhh7 Bf7 48. Rxf7 Rxf7 49. Rxf7+ Ke8 50. Ra7 Rxh6 51. Kxc3 Rh3 52. Kd2 Rh2+
53. Kd3 Rh3 54. Ke2 Rh2+ 55. Kf3 Rh3+ 56. Kf2 Rh2+ 57. Kg3 Re2 58. Kf3 Rh2 59.
Nf5 Rxc2 60. Nxd6+ Kf8 61. Nf7 Rc1 62. Nxe5 Rf1+ 63. Ke3 Rd1 64. Nd3 Ke8 65. e5
Rh1 66. e6 Rh6 67. Nf4 1-0

[Event "BdR-ch Open 13 0809"]
[Site "Vitrolles"]
[Date "2009.01.31"]
[Round "6"]
[White "Del Vecchio, Alain"]
[Black "Collier, Timothy"]
[Result "1/2-1/2"]
[WhiteElo "1900"]
[BlackElo "1903"]
[PlyCount "99"]
[EventDate "2008.10.11"]
[EventType "swiss"]
[EventRounds "9"]
[EventCountry "FRA"]

1. e4 e5 2. Nc3 Nf6 3. Bc4 Nc6 4. d3 Na5 5. Nge2 c6 6. O-O d6 7. a4 Nxc4 8.
dxc4 Be6 9. Qd3 Be7 10. Bg5 Qc7 11. Rad1 Rd8 12. h3 Qa5 13. b3 O-O 14. Bd2 Qc7
15. f4 d5 16. cxd5 cxd5 17. exd5 Nxd5 18. Qf3 Qc5+ 19. Kh2 exf4 20. Nxf4 Nxf4
21. Bxf4 Bd6 22. Bxd6 Rxd6 23. Rxd6 Qxd6+ 24. Kh1 Qd2 25. Rf2 Qe1+ 26. Rf1 Qe5
27. Qd3 Rc8 28. Nd1 g6 29. c4 Qc7 30. Qe3 b6 31. Nc3 Qc5 32. Qf3 Qf5 33. Qe2
Qg5 34. Ne4 Qh4 35. Qf3 Rd8 36. Nc3 Rd4 37. Ne2 Re4 38. Nf4 Re1 39. Qa8+ Kg7
40. Nxe6+ Rxe6 41. Qxa7 Rf6 42. Rxf6 Qe1+ 43. Kh2 Qe5+ 44. Kg1 Qxf6 45. Qc7 h5
46. Qg3 Qd4+ 47. Qf2 Qd1+ 48. Kh2 Qxb3 49. Qd4+ Kg8 50. Qd8+ 1/2-1/2

[Event "BdR-ch Open 13 0809"]
[Site "Vitrolles"]
[Date "2009.01.31"]
[Round "6"]
[White "Girard, Jean Pierre"]
[Black "Madranges, Jean"]
[Result "1-0"]
[WhiteElo "1944"]
[BlackElo "1726"]
[PlyCount "85"]
[EventDate "2008.10.11"]
[EventType "swiss"]
[EventRounds "9"]
[EventCountry "FRA"]

1. e4 e6 2. d4 d5 3. Nd2 Nc6 4. c3 e5 5. Ngf3 Bg4 6. exd5 Qxd5 7. Bc4 Bxf3 8.
Qxf3 Qxf3 9. Nxf3 exd4 10. O-O Bc5 11. Ng5 Nh6 12. Re1+ Be7 13. Bb5 Rd8 14.
cxd4 Rxd4 15. Be3 Rd5 16. Bxc6+ bxc6 17. Rac1 O-O 18. Nf3 Bb4 19. Red1 Rxd1+
20. Rxd1 Nf5 21. Bxa7 Ra8 22. a3 f6 23. g4 Nh6 24. Be3 Bd6 25. Bxh6 gxh6 26.
Rd2 Kf7 27. Nh4 Rg8 28. h3 h5 29. f3 hxg4 30. fxg4 h5 31. Nf5 Ke6 32. Rg2 c5
33. Kf1 hxg4 34. hxg4 Ke5 35. Ne3 Ke4 36. Ke2 Be5 37. Nc4 Kf4 38. b3 Bd4 39.
Kd3 Rxg4 40. Rxg4+ Kxg4 41. a4 f5 42. a5 f4 43. Ke2 1-0

[Event "BdR-ch Open 13 0809"]
[Site "Vitrolles"]
[Date "2009.01.31"]
[Round "6"]
[White "Israel, Daniel"]
[Black "Baquer, Marc"]
[Result "1/2-1/2"]
[WhiteElo "1840"]
[BlackElo "1794"]
[PlyCount "74"]
[EventDate "2008.10.11"]
[EventType "swiss"]
[EventRounds "9"]
[EventCountry "FRA"]

1. d4 Nf6 2. Nf3 g6 3. Bf4 Bg7 4. e3 O-O 5. Nbd2 d6 6. Bd3 Bg4 7. h3 Bxf3 8.
Qxf3 Nc6 9. Qe2 e5 10. dxe5 dxe5 11. Bh2 Qe7 12. c3 Rad8 13. O-O-O a5 14. g4 a4
15. a3 Na5 16. Bc2 Nd5 17. Nb1 Nb3+ 18. Bxb3 axb3 19. Qc4 c6 20. Qxb3 b5 21.
Bg3 Qc5 22. Nd2 Qa7 23. h4 Rd7 24. g5 Rfd8 25. Rhe1 Ne7 26. Nf3 e4 27. Ne5 Bxe5
28. Bxe5 Nf5 29. Bf6 Rxd1+ 30. Rxd1 Rd3 31. Qb4 Rxd1+ 32. Kxd1 Qd7+ 33. Bd4 Nd6
34. Qc5 Qg4+ 35. Ke1 Nc4 36. Qe7 Qg1+ 37. Ke2 Qg4+ 1/2-1/2

[Event "BdR-ch Open 13 0809"]
[Site "Vitrolles"]
[Date "2009.01.31"]
[Round "6"]
[White "Lac, Benjamin"]
[Black "Estevez, Ange"]
[Result "1-0"]
[WhiteElo "2110"]
[BlackElo "1624"]
[Annotator "Milesi,Laurent"]
[PlyCount "47"]
[EventDate "2008.10.11"]
[EventType "swiss"]
[EventRounds "9"]
[EventCountry "FRA"]

1. e4 d5 2. exd5 Nf6 3. h3 e6 4. dxe6 Bxe6 5. d4 c6 6. Nf3 Bd6 7. Bd3 h6 8. O-O
Qc7 9. Be3 Nbd7 10. Nbd2 O-O 11. c4 Bf4 12. Re1 Bxe3 13. Rxe3 g5 14. Ne5 Nb6
15. Qf3 Qe7 16. Ng4 Nxg4 17. hxg4 Nd7 18. d5 Qf6 19. Qxf6 Nxf6 20. dxe6 fxe6
21. Rxe6 Nxg4 22. f3 Nf6 23. Ne4 Nxe4 24. Bxe4 1-0

[Event "BdR-ch Open 13 0809"]
[Site "Vitrolles"]
[Date "2009.01.31"]
[Round "6"]
[White "Milesi, Laurent"]
[Black "Colandrea, Sauveur"]
[Result "1-0"]
[WhiteElo "2091"]
[BlackElo "1895"]
[PlyCount "35"]
[EventDate "2008.10.11"]
[EventType "swiss"]
[EventRounds "9"]
[EventCountry "FRA"]

1. e4 Nf6 2. Nc3 e5 3. g3 Bc5 4. Bg2 d6 5. d3 Nc6 6. Nge2 O-O 7. O-O h6 8. h3
Be6 9. Kh2 d5 10. f4 dxe4 11. fxe5 Nxe5 12. Nxe4 Nxe4 13. Bxe4 Nc6 14. Nf4 Qd7
15. Qh5 Be7 16. Nxe6 fxe6 17. Bxh6 Bf6 18. Bg5 1-0

[Event "BdR-ch Open 13 0809"]
[Site "Vitrolles"]
[Date "2009.01.31"]
[Round "6"]
[White "Montanelli, Tristan"]
[Black "Pierrugues, Laurent"]
[Result "1-0"]
[WhiteElo "1611"]
[BlackElo "1860"]
[PlyCount "98"]
[EventDate "2008.10.11"]
[EventType "swiss"]
[EventRounds "9"]
[EventCountry "FRA"]

1. b3 e5 2. c4 Nf6 3. g3 Bc5 4. Nc3 d5 5. e3 Nc6 6. d3 Be6 7. Bg2 Qd7 8. Nge2
dxc4 9. bxc4 Rd8 10. Qa4 Bh3 11. O-O Bxg2 12. Kxg2 O-O 13. Rd1 Qf5 14. Qb5 Bb6
15. Ba3 a6 16. Qb3 Ng4 17. Rf1 Bxe3 18. fxe3 Nxe3+ 19. Kg1 Nxf1 20. Rxf1 Qxd3
21. Bxf8 Rxf8 22. Qxb7 Nd4 23. Qb2 Qxc4 24. Nxd4 exd4 25. Ne2 c5 26. Rc1 Qd3
27. Nf4 Qe3+ 28. Kh1 d3 29. Qc3 Qf3+ 30. Kg1 Qe3+ 31. Kg2 Rd8 32. Re1 Qd4 33.
Qxd4 cxd4 34. Nxd3 Kf8 35. Re4 Rd5 36. a4 f6 37. Kf1 Kf7 38. Ke2 g6 39. Kd2 h5
40. Kc2 g5 41. Kb3 Kg6 42. Kc4 Rd8 43. Rxd4 Rc8+ 44. Kb3 Kf5 45. Rd6 h4 46. g4+
Ke4 47. Nf2+ Ke5 48. Rxa6 Rb8+ 49. Kc2 Rb4 1-0

[Event "BdR-ch Open 13 0809"]
[Site "Vitrolles"]
[Date "2009.01.31"]
[Round "6"]
[White "Nakache, Jonathan"]
[Black "Chauvet, Jean Marc"]
[Result "0-1"]
[WhiteElo "1874"]
[BlackElo "1983"]
[PlyCount "70"]
[EventDate "2008.10.11"]
[EventType "swiss"]
[EventRounds "9"]
[EventCountry "FRA"]

1. Nf3 f5 2. d4 Nf6 3. g3 e6 4. Bg2 d5 5. Bg5 c5 6. c3 Qb6 7. Qc2 Nc6 8. Bxf6
gxf6 9. e3 Bd7 10. Nbd2 Rc8 11. Rc1 Qa6 12. a3 Nd8 13. c4 cxd4 14. exd4 b5 15.
c5 b4 16. Bf1 Bb5 17. Bxb5+ Qxb5 18. a4 Qa6 19. Ng1 Nc6 20. Ne2 e5 21. O-O Qxe2
22. Qxf5 Ne7 23. Qxf6 Rg8 24. Nb3 e4 25. Na5 Rg6 26. Qh8 Qa6 27. Nb3 Qe6 28. f3
e3 29. Qxh7 e2 30. Rfe1 Qe3+ 31. Kh1 Qxb3 32. Qh5 Qd3 33. Qe5 Bg7 34. Qxe2 Qxe2
35. Rxe2 Bxd4 0-1

[Event "BdR-ch Open 13 0809"]
[Site "Vitrolles"]
[Date "2009.01.31"]
[Round "6"]
[White "Parroco, Pierre Jean"]
[Black "Garcia, Robustiano"]
[Result "1-0"]
[WhiteElo "1735"]
[BlackElo "1760"]
[PlyCount "71"]
[EventDate "2008.10.11"]
[EventType "swiss"]
[EventRounds "9"]
[EventCountry "FRA"]

1. e4 c5 2. Nc3 Nc6 3. g3 g6 4. Bg2 Bg7 5. d3 d6 6. Be3 e6 7. Qd2 Rb8 8. Nf3
Nd4 9. Bxd4 cxd4 10. Nb5 e5 11. Qb4 Bf8 12. Qc4 Qa5+ 13. b4 Qb6 14. Nc7+ Kd8
15. Nd5 Qc6 16. Qb3 Be6 17. O-O Ne7 18. Ng5 Rc8 19. Nxe7 Kxe7 20. Nxe6 fxe6 21.
Bh3 Qd7 22. c4 Bh6 23. Qd1 Rcf8 24. a3 Rf6 25. Ra2 Rhf8 26. Qb3 Bg7 27. Rc2 h5
28. c5 Kf7 29. cxd6 Qxd6 30. Rfc1 Kg8 31. Rc8 Rxc8 32. Rxc8+ Kh7 33. Qc4 g5 34.
f3 Rxf3 35. Bxe6 Kh6 36. Bf5 1-0

[Event "BdR-ch Open 13 0809"]
[Site "Vitrolles"]
[Date "2009.01.31"]
[Round "6"]
[White "Poulain, Cedric"]
[Black "Lenfant, Francois"]
[Result "0-1"]
[WhiteElo "1933"]
[BlackElo "2085"]
[PlyCount "64"]
[EventDate "2008.10.11"]
[EventType "swiss"]
[EventRounds "9"]
[EventCountry "FRA"]

1. Nf3 Nf6 2. g3 e6 3. Bg2 d5 4. O-O c5 5. d3 b5 6. Nbd2 Bb7 7. c4 bxc4 8. dxc4
Be7 9. Qc2 Nbd7 10. e4 dxe4 11. Ng5 O-O 12. Ndxe4 Qb6 13. Rd1 Rfd8 14. Be3 Nxe4
15. Nxe4 f5 16. Nc3 Bxg2 17. Kxg2 Qb7+ 18. f3 Ne5 19. Qe2 Bf6 20. Na4 Qb4 21.
b3 Rac8 22. Bxc5 Rxc5 23. Rxd8+ Bxd8 24. a3 Qa5 25. b4 Qxa4 26. bxc5 Bf6 27.
Rb1 Qc6 28. Kf2 Qxc5+ 29. Kg2 Qc6 30. Kf2 Nxc4 31. Qd3 Ne5 32. Qb3 h6 0-1

[Event "BdR-ch Open 13 0809"]
[Site "Vitrolles"]
[Date "2009.02.28"]
[Round "7"]
[White "Battaglia, Gerard"]
[Black "Noireaut, Hung"]
[Result "1-0"]
[WhiteElo "1920"]
[BlackElo "1720"]
[PlyCount "55"]
[EventDate "2008.10.11"]
[EventType "swiss"]
[EventRounds "9"]
[EventCountry "FRA"]

1. d4 d5 2. c4 e6 3. Nc3 c6 4. Nf3 dxc4 5. a4 Bb4 6. e3 b5 7. Ne5 Bb7 8. Be2
Nf6 9. Bd2 a6 10. Bf3 Qc7 11. axb5 Bxc3 12. Bxc3 cxb5 13. Ba5 Qc8 14. O-O O-O
15. Rc1 Bd5 16. b3 Nc6 17. Bb6 Nd7 18. Nxd7 Qxd7 19. e4 Rfb8 20. exd5 exd5 21.
Bc5 a5 22. bxc4 bxc4 23. Qa4 Rd8 24. Rxc4 Rab8 25. Rc3 Qb7 26. Re3 Qc7 27. Rfe1
Rbc8 28. Bxd5 1-0

[Event "BdR-ch Open 13 0809"]
[Site "Vitrolles"]
[Date "2009.02.14"]
[Round "7"]
[White "Baquer, Marc"]
[Black "Battesti, Marc Andria"]
[Result "1-0"]
[WhiteElo "1794"]
[BlackElo "1958"]
[PlyCount "133"]
[EventDate "2008.10.11"]
[EventType "swiss"]
[EventRounds "9"]
[EventCountry "FRA"]

1. d4 d5 2. Bg5 h6 3. Bh4 g5 4. Bg3 Bg7 5. Nf3 Nf6 6. Nbd2 Bf5 7. e3 O-O 8. c4
e6 9. Rc1 Nc6 10. a3 Ne4 11. Nxe4 Bxe4 12. Nd2 Bg6 13. cxd5 exd5 14. Bb5 Re8
15. O-O h5 16. h3 h4 17. Bh2 Re6 18. Qa4 Qf6 19. Bxc6 bxc6 20. Be5 Qf5 21. Bxg7
Kxg7 22. Nf3 Bh5 23. Ne5 f6 24. Nxc6 Be8 25. Rc5 g4 26. hxg4 Qxg4 27. Kh2 Qe2
28. Rfc1 Qxf2 29. Qc2 Qg3+ 30. Kg1 Qxe3+ 31. Qf2 Qg3 32. Nb4 c6 33. Qxg3+ hxg3
34. R5c3 Rb8 35. Rxg3+ Kf7 36. Kf2 Re4 37. b3 Rxd4 38. Nxc6 Rf4+ 39. Ke2 Bxc6
40. Rxc6 Re4+ 41. Kd2 Rbe8 42. Rc7+ R8e7 43. Rxe7+ Rxe7 44. Kd3 Re4 45. b4 f5
46. Rh3 Kg6 47. Rg3+ Kf6 48. Rg8 Rg4 49. Rxg4 fxg4 50. Kd4 Ke6 51. g3 Kd6 52.
b5 Kc7 53. Kxd5 Kb6 54. Kc4 Ka5 55. Kc5 Ka4 56. b6 axb6+ 57. Kxb6 Kxa3 58. Kc5
Ka4 59. Kd4 Kb4 60. Ke4 Kc4 61. Kf4 Kd5 62. Kxg4 Ke6 63. Kh5 Kf7 64. Kh6 Kg8
65. g4 Kh8 66. g5 Kg8 67. Kg6 1-0

[Event "BdR-ch Open 13 0809"]
[Site "Vitrolles"]
[Date "2009.02.14"]
[Round "7"]
[White "Calatayud, Stephane"]
[Black "Girard, Jean Pierre"]
[Result "1/2-1/2"]
[WhiteElo "1620"]
[BlackElo "1944"]
[PlyCount "118"]
[EventDate "2008.10.11"]
[EventType "swiss"]
[EventRounds "9"]
[EventCountry "FRA"]

1. e4 c5 2. d4 cxd4 3. f4 Nc6 4. a3 Nf6 5. Bd3 e5 6. Nf3 d5 7. Qe2 Bg4 8. h3
Bxf3 9. Qxf3 dxe4 10. Bxe4 Nxe4 11. Qxe4 Qh4+ 12. Kf1 Bd6 13. Qe1 Qxe1+ 14.
Kxe1 e4 15. g3 O-O 16. Nd2 Rac8 17. Rh2 f5 18. b4 d3 19. c3 Ne7 20. Bb2 b5 21.
Rc1 e3 22. Rd1 exd2+ 23. Rhxd2 Bc7 24. Rxd3 Rcd8 25. Rd7 Rfe8 26. Kf1 Bb6 27.
a4 Rxd7 28. Rxd7 Kf8 29. axb5 Rd8 30. Rxd8+ Bxd8 31. c4 Bc7 32. Bd4 Nc8 33. c5
g6 34. Ke2 Ke7 35. Kd3 Ke6 36. Kc4 h5 37. h4 Kd7 38. Bf6 Ke6 39. Bd4 Bd8 40.
Be5 Kd7 41. Bd4 Bc7 42. Bf6 Ke6 43. Bd4 Ne7 44. b6 axb6 45. cxb6 Bb8 46. b5 Nd5
47. b7 Nf6 48. Bxf6 Kxf6 49. Kd5 Ke7 50. b6 Kd7 51. Kc5 Ke6 52. Kd4 Kd6 53. Kc4
Kc6 54. Kd4 Kxb6 55. Kd5 Kxb7 56. Ke6 Ba7 57. Kf6 Bf2 58. Kxg6 Bxg3 59. Kxf5
Bxh4 1/2-1/2

[Event "BdR-ch Open 13 0809"]
[Site "Vitrolles"]
[Date "2009.02.14"]
[Round "7"]
[White "Chauvet, Jean Marc"]
[Black "Del Vecchio, Alain"]
[Result "1/2-1/2"]
[WhiteElo "1983"]
[BlackElo "1900"]
[PlyCount "59"]
[EventDate "2008.10.11"]
[EventType "swiss"]
[EventRounds "9"]
[EventCountry "FRA"]

1. e4 c5 2. Nf3 d6 3. Bb5+ Bd7 4. Bxd7+ Nxd7 5. O-O g6 6. c3 Bg7 7. d4 Ngf6 8.
Re1 O-O 9. e5 Ne8 10. e6 fxe6 11. Ng5 Nc7 12. Qb3 d5 13. Nxe6 Nxe6 14. Qxd5
cxd4 15. Qxe6+ Kh8 16. Bg5 Nc5 17. Qe2 Qd5 18. cxd4 Bxd4 19. Be3 e5 20. Nc3 Qf7
21. Bxd4 exd4 22. Qe5+ Qf6 23. Qxc5 Qxf2+ 24. Kh1 dxc3 25. Qxc3+ Qf6 {(=)} 26.
Qb4 Rf7 27. h3 Raf8 28. Rad1 a6 29. Rd6 Qg7 30. Kg1 1/2-1/2

[Event "BdR-ch Open 13 0809"]
[Site "Vitrolles"]
[Date "2009.02.14"]
[Round "7"]
[White "Chauvet, Vincent"]
[Black "Anton, Jose"]
[Result "1-0"]
[WhiteElo "1810"]
[BlackElo "1922"]
[PlyCount "81"]
[EventDate "2008.10.11"]
[EventType "swiss"]
[EventRounds "9"]
[EventCountry "FRA"]

1. e4 e5 2. f4 exf4 3. Bc4 Be7 4. d4 Nf6 5. e5 Ne4 6. Bxf4 d5 7. Bd3 O-O 8.
Bxe4 dxe4 9. Nc3 Nc6 10. d5 Nb4 11. a3 Na6 12. Nxe4 Bf5 13. Ng3 Bh4 14. Nf3 Bg4
15. h3 Bxf3 16. Qxf3 Qe7 17. O-O Qc5+ 18. Rf2 Rad8 19. Rd1 Qb6 20. b4 c5 21. c3
cxb4 22. cxb4 Nc7 23. d6 Ne6 24. Be3 Qc6 25. Qxc6 bxc6 26. Kh2 f6 27. Rc2 fxe5
28. Rxc6 Rd7 29. Ne4 Rfd8 30. Nc5 Nxc5 31. bxc5 Rb8 32. Ra6 Rb3 33. c6 Rd8 34.
Bxa7 e4 35. c7 Ra8 36. d7 Bg3+ 37. Kh1 Bxc7 38. Rc6 Bd8 39. Rc8 Rxa7 40. Rxd8+
Kf7 41. Rc8 1-0